Data Structures & Algorithms Using C/ (Record no. 192327)

MARC details
000 -LEADER
fixed length control field 00736nam a22002057a 4500
005 - DATE AND TIME OF LATEST TRANSACTION
control field 20220919144525.0
010 ## - LCCN (DPL NO)
LC control number ENG-135127
020 ## - INTERNATIONAL STANDARD BOOK NUMBER
International Standard Book Number 9789389146493
Terms of availability 395.00
035 ## - SYSTEM CONTROL NUMBER
System control number EN-118659
037 ## - SOURCE OF ACQUISITION
Source of stock number/acquisition DBAD / PUB
082 ## - DEWEY DECIMAL CLASSIFICATION NUMBER
Classification number 005.133
100 ## - MAIN ENTRY--PERSONAL NAME
Personal name Pandiaraj, M
245 ## - TITLE STATEMENT
Title Data Structures & Algorithms Using C/
Statement of responsibility, etc M .Pandiaraj , K.Sridharan and C.Prabhu
260 ## - PUBLICATION, DISTRIBUTION, ETC. (IMPRINT)
Place of publication, distribution, etc Tamil Nadu
Name of publisher, distributor, etc Shanlax Publications
Date of publication, distribution, etc 2019
270 ## - ADDRESS
Address 61,66 T.P.K Main Road Vasantha Naga, Madurai
City Tamil Nadu
Postal code 625003
Telephone number 0452-4208765
-- 7639303383
Electronic mail address publisher@shanlaxpublications.com
300 ## - PHYSICAL DESCRIPTION
Extent 211p.
Dimensions 29cm(pbk)
Other physical details Reference, Questions and Lab Programs
700 ## - ADDED ENTRY--PERSONAL NAME
Personal name Sridharan ,K
700 ## - ADDED ENTRY--PERSONAL NAME
Personal name Prabhu, C
942 ## - ADDED ENTRY ELEMENTS (KOHA)
Source of classification or shelving scheme Dewey Decimal Classification
Item type English Books
Call number suffix PAN
Classification part 005.133
Holdings
Withdrawn status Lost status Not for loan Collection code Home library Current library Date acquired Source of acquisition Cost, normal purchase price Full call number Barcode Copy number Cost, replacement price Koha item type
      Non-fiction Bawana Bawana 19/09/2022 DBAD/PUB 395.00 005.133 PAN EN-118659 1 395.00 English Books

© Delhi Public Library
Hit Counter
free hit counter